| 000 | 00437nam a2200193Ia 4500 | ||
|---|---|---|---|
| 005 | 20240823050036.0 | ||
| 008 | 240823s9999||||xx |||||||||||||| ||und|| | ||
| 020 | _a978-81-89998-36-3 | ||
| 041 | _aENGLISH | ||
| 082 | _A641.3333 | ||
| 100 | _aAlex Banister | ||
| 245 | 0 | _aHow to Please your Wife | |
| 250 | _a1st | ||
| 260 | _bThree Ess Public | ||
| 500 | _aYES | ||
| 650 |
_aGeneral _bGeneral |
||
| 942 | _cBK | ||
| 999 |
_c216346 _d216346 |
||